The value of learning : how organizations capture value and ROI and translate them into support, improvement, and funds
Understanding the value of learning is critical for all business professionals. This book provides specific tools and techniques for evaluating learning effectiveness. A must read for anyone interested in the value of learning
Na minha lista:
| Autor principal: | |
|---|---|
| Formato: | Livro |
| Idioma: | Undetermined |
| Publicado em: |
San Francisco
Pfeiffer
2007
|
| Assuntos: | |
| Tags: |
Adicionar Tag
Sem tags, seja o primeiro a adicionar uma tag!
|
| Thư viện lưu trữ: | Trung tâm Học liệu Trường Đại học Cần Thơ |
|---|
| LEADER | 01009nam a2200229Ia 4500 | ||
|---|---|---|---|
| 001 | CTU_162475 | ||
| 008 | 210402s9999 xx 000 0 und d | ||
| 020 | |c 62.95 | ||
| 082 | |a 658.3124 | ||
| 082 | |b P558 | ||
| 100 | |a Phillips, Patricia Pulliam | ||
| 245 | 4 | |a The value of learning : | |
| 245 | 0 | |b how organizations capture value and ROI and translate them into support, improvement, and funds | |
| 245 | 0 | |c Patricia Pulliam Phillips and Jack J. Phillips | |
| 260 | |a San Francisco | ||
| 260 | |b Pfeiffer | ||
| 260 | |c 2007 | ||
| 520 | |a Understanding the value of learning is critical for all business professionals. This book provides specific tools and techniques for evaluating learning effectiveness. A must read for anyone interested in the value of learning | ||
| 650 | |a Employees,Employees,Rate of return,Huấn luyện nhân viên | ||
| 650 | |x Evaluation,Training of,Training of,Cost effectiveness | ||
| 910 | |a Nguyên | ||
| 980 | |a Trung tâm Học liệu Trường Đại học Cần Thơ | ||